<?xml version="1.0" encoding="UTF-8"?>
<record
    xmlns:xsi="http://www.w3.org/2001/XMLSchema-instance"
    xsi:schemaLocation="http://www.loc.gov/MARC21/slim http://www.loc.gov/standards/marcxml/schema/MARC21slim.xsd"
    xmlns="http://www.loc.gov/MARC21/slim">

  <leader>00757nam a22001697a 4500</leader>
  <datafield tag="952" ind1=" " ind2=" ">
    <subfield code="0">0</subfield>
    <subfield code="1">0</subfield>
    <subfield code="2">ddc</subfield>
    <subfield code="4">0</subfield>
    <subfield code="7">0</subfield>
    <subfield code="8">NFIC</subfield>
    <subfield code="a">ASL</subfield>
    <subfield code="b">ASL</subfield>
    <subfield code="c">GEN</subfield>
    <subfield code="d">2021-01-20</subfield>
    <subfield code="e">Prof. Azizul Haq and Prof. Husniara Huq Collections</subfield>
    <subfield code="l">0</subfield>
    <subfield code="o">302.35 BUR</subfield>
    <subfield code="p">104587</subfield>
    <subfield code="r">2021-01-20 00:00:00</subfield>
    <subfield code="t">C-1</subfield>
    <subfield code="w">2021-01-20</subfield>
    <subfield code="y">BK</subfield>
  </datafield>
  <datafield tag="999" ind1=" " ind2=" ">
    <subfield code="c">21070</subfield>
    <subfield code="d">21070</subfield>
  </datafield>
  <controlfield tag="003">BDDh-ASL</controlfield>
  <controlfield tag="005">20231015025950.0</controlfield>
  <controlfield tag="008">210120s1971    us ||||| |||| 00| 0 eng d</controlfield>
  <datafield tag="040" ind1=" " ind2=" ">
    <subfield code="a">BDDh-ASL</subfield>
    <subfield code="c">BDDh-ASL</subfield>
  </datafield>
  <datafield tag="082" ind1=" " ind2=" ">
    <subfield code="a">302.35</subfield>
    <subfield code="b">BUR </subfield>
  </datafield>
  <datafield tag="245" ind1="0" ind2="0">
    <subfield code="a">Bureaucracy in Historical Perspective / </subfield>
  </datafield>
  <datafield tag="260" ind1=" " ind2=" ">
    <subfield code="a">London :</subfield>
    <subfield code="b">Scott, Foresman and Company, </subfield>
    <subfield code="c">1971. </subfield>
  </datafield>
  <datafield tag="300" ind1=" " ind2=" ">
    <subfield code="a">178 p. :</subfield>
    <subfield code="c">24 cm. </subfield>
  </datafield>
  <datafield tag="650" ind1=" " ind2="0">
    <subfield code="a">Bureaucracy, byo&#x35D;o&#x2C8;r&#xE4;kr&#x259;s&#x113;, &#x986;&#x9AE;&#x9B2;&#x9BE;&#x9A4;&#x9A8;&#x9CD;&#x9A4;&#x9CD;&#x9B0;, &#x100;mal&#x101;tantra, &#x986;&#x9AE;&#x9B2;&#x9BE;&#x9A4;&#x9BE;&#x9A8;&#x9CD;&#x9A4;&#x9CD;&#x9B0;&#x9BF;&#x995;&#x9A4;&#x9BE;, beadledom, bumbledom, officialdom, clericalism, beadledom, bumbledom, &#x986;&#x9A7;&#x9BF;&#x995;&#x9BE;&#x9B0;&#x9BF;&#x995;&#x9AC;&#x9B0;&#x9CD;&#x997;, &#x986;&#x9AE;&#x9B2;&#x9BE;&#x9AC;&#x9B0;&#x9CD;&#x997;, &#x985;&#x9A7;&#x9BF;&#x995;&#x9BE;&#x9B0;&#x9C0;&#x9B0; &#x9AA;&#x9A6;</subfield>
    <subfield code="9">2860</subfield>
  </datafield>
  <datafield tag="700" ind1="1" ind2=" ">
    <subfield code="9">2857</subfield>
    <subfield code="a">Dalby, Michael T. </subfield>
  </datafield>
  <datafield tag="942" ind1=" " ind2=" ">
    <subfield code="2">ddc</subfield>
    <subfield code="c">BK</subfield>
  </datafield>
</record>
